01239cam a2200253 a 450000100060000000300080000600500170001400800410003103500190007204000420009104100080013308200210014110000460016224500750020826000480028330000440033150000730037550000310044850000770047950400440055650503160060060000370091670000320095324725BD-RjUL20211209001106.0140315r19351932enkafcb 001 0beng d a(BD-RjUL)24794 aDLCcZMMdm.cdFDAdEQOdBD-RjULbeng aeng a942.0810924bGAL1 aGarvin, J. L.q(James Louis),d1868-1947.14aThe life of Joseph Chamberlain /cJ.L. Garvin.nVolume One p1836-1885 aLondon :bMacmillan,c1932 [reprinted 1935] a624 p. :bplates, ports., map ;c23 cm. aOn spine, v. 5-6: Joseph Chamberlain and the Tariff Reform campaign. aVols. 4-6 by Julian Amery. aVols. 5-6 have imprint: London, Macmillan; New York, St. Martin's Press. aVol. 6 includes bibliography and index.0 av. 1. 1836-1885. Chamberlain and democracy.--v. 2. 1885-1895. Disruption and combat.--v. 3. 1895-1900. Empire and world policy.--v. 4. 1901-1903. At the height of his power.--v. 5. 1901-1903. Joseph Chamberlain and the tariff reform campaign.--v. 6. 1903-1968. Joseph Chamberlain and the tariff reform campaign.10aChamberlain, Joseph,d1836-1914.1 aAmery, Julian,d1919-1996 .